Marketing estratégico

Guardat en:
Dades bibliogràfiques
Autor principal: Lambin, Jean Jacques
Format: Desconegut
Idioma:anglès
Publicat: Madrid, España Esic 2003
Matèries:
Etiquetes: Afegir etiqueta
Sense etiquetes, Sigues el primer a etiquetar aquest registre!

MARC

LEADER 00000 a2200000 4500
003 CL-VaPUC
005 20201113132628.0
008 201111b ||||| |||| 00| 0 eng d
999 |c 431753  |d 431751 
020 |a 9788473563529 
040 |c Pontificia Universidad Católica de Valparaíso 
082 |a 658.8 LAM 2003 
100 |a Lambin, Jean Jacques  |9 856727 
245 |a Marketing estratégico 
260 |a Madrid, España   |b Esic  |c 2003 
300 |a 837 páginas  
583 |k Cristina Rojas  |c 20201111 
650 0 |a Marketing  |9 259324 
650 |a Marketing estratégico  |9 358049 
852 |a BIBCUR 
942 |2 ddc  |c BK 
952 |0 0  |1 0  |2 ddc  |4 0  |6 658_800000000000000_LAM_2003  |7 0  |8 A  |9 576858  |a BIBALI  |b BIBALI  |c RES  |d 2020-11-10  |e 2  |g 170100.00  |i 5577152  |o 658.8 LAM 2003  |p 5577152  |r 2025-01-20  |t 1  |v 170100.00  |w 2020-11-10  |y BK_R  |k ALI